| 000 | 00885cam a2200253 a 4500 | ||
|---|---|---|---|
| 001 | 000005888 | ||
| 005 | 20200929151827.0 | ||
| 008 | 040414s2002 mx b 001 0 spa d | ||
| 020 | _a9688345741 | ||
| 040 |
_aDO-SdBNP _cNOC _dPL# _dDLC |
||
| 082 |
_aM863.4 _bR454jzD |
||
| 100 | 1 |
_aDurán, Javier. _916594 |
|
| 245 | 1 | 0 |
_aJosé Revueltas : _buna poética de la disidencia / _cJavier Durán. |
| 260 |
_aXalapa, Veracruz, México : _bUniversidad Veracruzana, _c2002. |
||
| 300 |
_a329 p. ; _c21 cm. |
||
| 490 | 1 | _aBiblioteca | |
| 490 | 1 | _aUniversidad Veracruzana | |
| 504 | _aBibliografías: p. 315-329. | ||
| 600 | 1 | 0 |
_aREVUELTAS, JOSÉ, _d1914-1976 _xLA CRÍTICA Y LA INTERPRETACIÓN. _916595 |
| 650 | 4 |
_aNovela mexicana _93959 |
|
| 650 | 4 |
_aLiteratura mexicana _ySIGLO XXI _916596 |
|
| 830 | 0 |
_aBiblioteca ; _pUniversidad Veracruzana. _916597 |
|
| 910 | _aCatalogación por copia / LC | ||
| 999 |
_c5684 _d5684 |
||